| 000 | 01243nam a22002897a 4500 | ||
|---|---|---|---|
| 999 |
_c120833 _d120833 |
||
| 003 | dpl | ||
| 005 | 20190423115119.0 | ||
| 008 | 190423b ||||| |||| 00| 0 eng d | ||
| 010 | _aB-069665 | ||
| 020 |
_c250.00 _a8126704853 |
||
| 035 | _aB-069665, B-069666 | ||
| 037 | _bCen Lib/Ret | ||
| 040 |
_aDPL _bHN _c0 |
||
| 082 |
_a305.4 _bऔरत |
||
| 245 |
_aऔरत : उत्तरकथा / _cसम्पादक राजेन्द्र यादव [और] अर्चना वर्मा |
||
| 246 |
_aAurat : uttarkatha / _bsampadak Rajendra Yadav [aur] Archna Verma |
||
| 260 |
_aनई दिल्ली _bराजकमल प्रकाशन _c2002 |
||
| 270 |
_a1-बी, नेताजी सुभाष मार्ग _bनई दिल्ली _e110002 |
||
| 300 |
_axi,225पृ. _c20सेमी(सजिल्द) |
||
| 650 |
_aऔरत -- कहानियाँ _942 |
||
| 650 |
_aऔरत -- समस्याएँ _942 |
||
| 650 |
_aWoman - Stories _992863 |
||
| 650 |
_aWoman - Problems _992864 |
||
| 700 |
_aयादव, राजेन्द्र _942810 |
||
| 700 |
_aवर्मा, अर्चना _992865 |
||
| 942 |
_2ddc _cHN _h305.4 _mऔरत |
||